000 00313nam a22001337a 4500
008 171010b xxu||||| |||| 00| 0 eng d
020 _a9780205197941
041 _aeng
080 _23 ED
_a316
100 _a50
101 _aSOC
245 _aHUMAN SERVICES POLICU AND PRACTCE
_cSCHRAM.B
942 _2udc
_cBK
999 _c33008
_d33008